00366pab a2200133 454500008004000000100002600040245005800066260000900124300001300133362001000146650003100156650001100187773003400198180718b2001 xxu||||| |||| 00| 0 eng d aMukhopadhyay, Inkumar aBudget 2001-2002: indirect taxes: more said than done c2001 ap.713-14 a3 Mar aBudget - India - 2001-2002 aBudget aEconomic and Political Weekly